00314nam a2200133Ia 4500008004100000041000800041082001600049100001500065245004000080260002100120300000800141365001600149700001500165230718s9999 xx 000 0 und d aeng a153.93bBAR aBarrett J. aHow To Pass Advanced Aptitude Tests c2003bKogan Page a194 cRs.b150.00 aBarrett J.